000 00460 a2200157 4500
999 _c2720
_d2720
020 _a8170969484
050 _aLB 1050 BHA 2001
100 _aBhatia, K. K.
_eAuthor
245 _aEducational psychology and techniques of teaching /
_cK.K Bhatia
264 _aNew Delhi:
_bKalyani Publishers,
_c2001
300 _a308p. :
_bill.
500 _aIncludes index
650 _aEducational psychology
650 _aTeaching techniques
942 _2lcc
_cBK
_h1050
_iBHA
_kLB